000 00926cam a2200217 4500
001 WB3814-21
008 020417n2002 000 0 eng u
035 _a(Sirsi) u117535
245 _aNHS trusts need to sell property
260 _c2002
490 _aProperty Week
_v17 April 2002, 4(1)
520 _aNational Audit Office Report argues national health trusts need to do more to identify surplus property and sell it faster. This report was prompted by the NHS programme to sell off surplus property and it concluded that there was scope for the NHS trusts to speed up sales and bring forwards sales receipts. For link to full report: http://www.nao.gov.uk/publications/nao_reports/01-02/0102687es.pdf
590 _aWB
650 _aNHS TRUSTS
650 _aNATIONAL AUDIT OFFICE
650 _aSURPLUS PROPERTY
650 _aNHS PROPERTY
650 _aPLANNING AUTHORITIES
690 _aPROPERTY
942 _n0
999 _c69996
_d69996